000 00646nam a22001935i 4500
001 53920
003 ES-MaACL
005 20251120142244.0
007 t|
008 960708s1899 sp ||||1| spa d
100 1 _aFernández Vaamonde, Emilio.
_950134
245 1 0 _aDespués del desastre
_b: poesías /
_cEmilio Fernández Vaamonde; prólogo de J. Ortega Munilla.
260 _aMadrid :
_b[s.n.],
_c1899 (
_fImp. de Fortanet)
300 _a64, [4] p. ;
_c18 cm.
651 4 _aEspaña-
_xHistoria-
_y1898-
_vPoesías.
_9171403
700 1 _aOrtega Munilla, José,
_d1856-1922
_987477
852 _aES-MaACL
_jG-10949(2)
999 _c53920
_d53920